Teaching english as a second language: theory and techniques for the secondary stage
Gardado en:
| Main Authors: | , |
|---|---|
| Formato: | Libro |
| Idioma: | inglés |
| Publicado: |
Essex
Longman
1970
|
| Subjects: | |
| Tags: |
Engadir etiqueta
Sen Etiquetas, Sexa o primeiro en etiquetar este rexistro!
|
MARC
| LEADER | 00000nam a2200000 a 4500 | ||
|---|---|---|---|
| 001 | UCQ8080 | ||
| 003 | CL-VaPUC | ||
| 008 | 981127e19700000uk |||||||||||||||||eng|d | ||
| 082 | 0 | 4 | |a 428.07 |b BRI |2 21 |
| 100 | 0 | |a Bright, J. A |e author |9 421936 | |
| 700 | 0 | |a McGregor, G. P |e author |9 421937 | |
| 245 | 1 | 0 | |a Teaching english as a second language: theory and techniques for the secondary stage |
| 300 | |a 284 p | ||
| 942 | |c BK | ||
| 945 | |d 19981127 00:00:00 |a cmena | ||
| 260 | |a Essex |b Longman |c 1970 | ||
| 650 | 0 | |a Enseñanza de idiomas |9 339820 | |
| 650 | 0 | |a Inglés |9 260023 | |
| 650 | 0 | |a Métodos de enseñanza |9 270413 | |
| 583 | |a last modification |c 20171121 12:15:10 |k Rodrigo Vera | ||
| 999 | |c 277436 |d 277434 | ||
| 952 | |0 0 |1 0 |4 0 |6 428_070000000000000_BRI_1970 |7 0 |8 A |9 315369 |a FDOPOS |b FDOPOS |d 2019-11-20 |i 1497030 |o 428.07 BRI 1970 |p 1497030 |r 2025-01-22 |w 2019-11-20 |y BK |k MLA | ||